[Event "Groningen Open A"]
[Site "Groningen NED"]
[Date "2012.12.26"]
[Round "5.35"]
[White "Henseler, Jorgen"]
[Black "Umudova, Nargiz"]
[Result "1-0"]
[BlackTitle "WIM"]
[WhiteElo "2076"]
[BlackElo "2220"]
[WhiteFideId "1023233"]
[BlackFideId "13402137"]
[EventDate "2012.12.21"]

1. e4 d5 2. exd5 Qxd5 3. Nc3 Qa5 4. d4 Nf6 5. Nf3 Nc6 6. Bb5 Nd5 7. O-O Nxc3 8.
Bxc6+ bxc6 9. bxc3 Qxc3 10. Bd2 Qc4 11. Ba5 Bg4 12. h3 Bh5 13. g4 Bg6 14. Ne5
Qxc2 15. Qf3 Qe4 16. Qb3 f6 17. Qb7 fxe5 18. Qxa8+ Kf7 19. Rfe1 Qf3 20. Re3 Qd5
21. dxe5 Be4 22. e6+ Kg6 23. Qe8+ Kh6 24. Rxe4 Qxa5 25. Rae1 g6 26. Qf7 Qg5 27.
Re5 Qh4 28. g5+ 1-0

[Event "Groningen Open A"]
[Site "Groningen NED"]
[Date "2012.12.26"]
[Round "5.36"]
[White "Vogel, Jaap"]
[Black "Van Osch, Mees"]
[Result "1/2-1/2"]
[WhiteTitle "FM"]
[WhiteElo "2166"]
[BlackElo "2090"]
[WhiteFideId "1000764"]
[BlackFideId "1035967"]
[EventDate "2012.12.21"]

1. d4 Nf6 2. Nf3 g6 3. g3 Bg7 4. Bg2 O-O 5. O-O d6 6. c4 Nc6 7. Nc3 a6 8. Qd3
Rb8 9. d5 Nb4 10. Qd1 a5 11. Ne1 e6 12. a3 Na6 13. Nd3 exd5 14. cxd5 b5 15. e4
Re8 16. Re1 Bd7 17. h3 Qc8 18. e5 dxe5 19. Nxe5 Nc5 20. Nc6 Bxc6 21. dxc6 Rxe1+
22. Qxe1 Nb3 23. Rb1 b4 24. axb4 axb4 25. Ne2 Qf5 26. Be3 Nd5 27. Ba7 Ra8 28.
Rd1 Rxa7 29. Rxd5 Ra1 30. Rd1 Qa5 31. Nc1 Rxc1 32. Rxc1 Nxc1 33. Qxc1 Qe5 34. b3
Qe6 35. Qd1 Bc3 36. Kh2 Qf6 37. f4 Bd4 38. Qe2 Qd6 1/2-1/2

[Event "Groningen Open A"]
[Site "Groningen NED"]
[Date "2012.12.26"]
[Round "5.41"]
[White "Grigoryan, Meri"]
[Black "Beerdsen, Thomas"]
[Result "0-1"]
[WhiteTitle "WF"]
[WhiteElo "2025"]
[BlackElo "2076"]
[WhiteFideId "13300571"]
[BlackFideId "1030108"]
[EventDate "2012.12.21"]

1. Nc3 c5 2. f4 d5 3. Nf3 Nf6 4. e3 Nc6 5. Bb5 Bd7 6. d3 a6 7. Bxc6 Bxc6 8. Ne5
Qc7 9. a4 d4 10. Ne2 dxe3 11. O-O e6 12. Bxe3 Be7 13. Ng3 O-O 14. a5 Rad8 15.
Qe1 Bd6 16. Nxc6 Qxc6 17. Ne2 e5 18. Qh4 e4 19. d4 Be7 20. Qg3 Qb5 21. Qe1 Nd5
22. Bc1 Bf6 23. c3 cxd4 24. Nxd4 Bxd4+ 25. cxd4 f5 26. b4 Rc8 27. Ba3 Rc3 28.
Rf2 Rfc8 29. Bb2 Rc2 30. Rxc2 Rxc2 31. Bc1 Qd3 32. Ra3 Nxb4 33. h3 Qxd4+ 34. Kh2
Nd3 35. Qd1 Qf2 0-1

[Event "Groningen Open A"]
[Site "Groningen NED"]
[Date "2012.12.26"]
[Round "5.43"]
[White "Majhi, Ankit"]
[Black "Gieben, Stijn"]
[Result "1-0"]
[WhiteElo "1984"]
[BlackElo "2048"]
[WhiteFideId "1033735"]
[BlackFideId "1034170"]
[EventDate "2012.12.21"]

1. e4 c5 2. Nf3 d6 3. d4 cxd4 4. Nxd4 Nf6 5. Nc3 g6 6. Be3 Bg7 7. f3 O-O 8. Qd2
Nc6 9. Bc4 Bd7 10. g4 Rc8 11. Bb3 Ne5 12. h4 a5 13. a4 Nc4 14. Bxc4 Rxc4 15. b3
Rc8 16. O-O-O Qc7 17. Ncb5 Qd8 18. h5 Bxb5 19. Nxb5 Rc6 20. hxg6 fxg6 21. Nd4
Nd7 22. Nxc6 bxc6 23. Bh6 Bxh6 24. Qxh6 Rf7 25. f4 Qb6 26. f5 Ne5 27. Qh3 Qb4
28. Rhe1 Qa3+ 29. Kb1 Qc5 30. g5 Qb4 31. fxg6 Nxg6 32. Qc8+ Kg7 33. Qxc6 Ne5 34.
Qb5 Qc3 35. Qe2 Rf3 36. Qd2 Qc5 37. Rf1 Rc3 38. Qf2 Qc8 39. Rd5 Qb8 40. Rb5 1-0

[Event "Groningen Open A"]
[Site "Groningen NED"]
[Date "2012.12.26"]
[Round "5.45"]
[White "Sparenberg, Erik"]
[Black "Vereggen, Lars"]
[Result "0-1"]
[WhiteElo "2114"]
[BlackElo "2059"]
[WhiteFideId "1013262"]
[BlackFideId "1029258"]
[EventDate "2012.12.21"]

1. e4 c5 2. Nf3 d6 3. Nc3 Nf6 4. d3 Nc6 5. g3 e6 6. Bg2 Be7 7. O-O O-O 8. Ne1 d5
9. Bg5 d4 10. Ne2 Rb8 11. h3 b6 12. f4 Bb7 13. Nf3 Ne8 14. Bxe7 Nxe7 15. g4 f5
16. Ne5 Nd6 17. Ng3 Qc7 18. Qe2 Rbe8 19. c3 dxc3 20. bxc3 Ng6 21. Nxg6 hxg6 22.
e5 Nb5 23. Rac1 Qc8 24. Bxb7 Qxb7 25. gxf5 exf5 26. d4 Nc7 27. Qc4+ Kh7 28. dxc5
bxc5 29. Qxc5 Ne6 30. Qe3 Qc7 31. c4 g5 32. fxg5 g6 33. Ne2 f4 34. Nxf4 Nxf4 35.
Rxf4 Rxe5 36. Re4 Rxe4 37. Qxe4 Qg3+ 38. Kh1 Qxh3+ 39. Kg1 Qg3+ 40. Kh1 Rh8 0-1

[Event "Groningen Open A"]
[Site "Groningen NED"]
[Date "2012.12.27"]
[Round "6.3"]
[White "Kovchan, Alexander"]
[Black "Roy Chowdhury, Saptarshi"]
[Result "1-0"]
[WhiteTitle "GM"]
[BlackTitle "IM"]
[WhiteElo "2579"]
[BlackElo "2441"]
[WhiteFideId "14103052"]
[BlackFideId "5002974"]
[EventDate "2012.12.21"]

1. e4 c5 2. Nf3 Nc6 3. d4 cxd4 4. Nxd4 e5 5. Nb5 d6 6. N1c3 a6 7. Na3 Be7 8. Be3
b5 9. Nd5 Rb8 10. c4 b4 11. Nc2 Nf6 12. Qd3 O-O 13. Be2 Ne8 14. Nxe7+ Qxe7 15.
O-O Nc7 16. f4 Ne6 17. f5 Nc5 18. Bxc5 dxc5 19. f6 gxf6 20. Ne3 Be6 21. Nd5 Bxd5
22. cxd5 Nd4 23. Bg4 a5 24. Bf5 Kh8 25. Qh3 Nxf5 26. Rxf5 Rg8 27. Raf1 Rg6 28.
Rh5 Rg7 29. Qd3 Rbg8 30. Rf2 Rg6 31. Rhf5 Qd6 32. g3 a4 33. Qb5 Rb8 34. Qc4 a3
35. b3 Qb6 36. Kg2 Qd6 37. R2f3 Rbg8 38. Qf1 Kg7 39. h4 Kh8 40. Rxf6 Qd7 41.
Rxg6 Rxg6 42. h5 Rb6 43. Rxf7 Qg4 44. Re7 1-0

[Event "Groningen Open A"]
[Site "Groningen NED"]
[Date "2012.12.27"]
[Round "6.4"]
[White "Burg, Twan"]
[Black "Bok, Benjamin"]
[Result "0-1"]
[WhiteTitle "IM"]
[BlackTitle "IM"]
[WhiteElo "2498"]
[BlackElo "2522"]
[WhiteFideId "1010697"]
[BlackFideId "1017063"]
[EventDate "2012.12.21"]

1. c4 Nf6 2. a3 g6 3. b4 Bg7 4. Bb2 O-O 5. h4 d6 6. e3 e5 7. Be2 h5 8. Nf3 Re8
9. d3 Nbd7 10. Nbd2 c6 11. Ng5 d5 12. cxd5 cxd5 13. O-O Nf8 14. Rc1 Ng4 15. Qc2
f6 16. Ngf3 Ne6 17. Qb3 Kh8 18. g3 b6 19. Nh2 Nxh2 20. Kxh2 Bb7 21. Bf3 Qd7 22.
Bg2 Rad8 23. Rfe1 d4 24. Bxb7 Qxb7 25. e4 Bh6 26. Re2 Qd7 27. Rc4 Nf4 28. gxf4
Qg4 29. f3 Bxf4+ 30. Kh1 Qh3+ 31. Kg1 Be3+ 32. Rxe3 Qg3+ 33. Kh1 dxe3 34. Rc7 e2
35. Qf7 e1=R+ 36. Nf1 Rxf1# 0-1

[Event "Groningen Open A"]
[Site "Groningen NED"]
[Date "2012.12.27"]
[Round "6.5"]
[White "Pancevski, Filip"]
[Black "Gormally, Daniel W"]
[Result "1-0"]
[WhiteTitle "IM"]
[BlackTitle "GM"]
[WhiteElo "2512"]
[BlackElo "2495"]
[WhiteFideId "15002187"]
[BlackFideId "406465"]
[EventDate "2012.12.21"]

1. e4 c5 2. Nc3 d6 3. Nf3 Nf6 4. d4 cxd4 5. Nxd4 a6 6. h3 e5 7. Nde2 h5 8. Bg5
Be6 9. f4 Nbd7 10. f5 Bc4 11. Ng3 Bxf1 12. Nxf1 Rc8 13. Qf3 Be7 14. Ne3 Qb6 15.
O-O-O Rxc3 16. bxc3 O-O 17. Bxf6 Nxf6 18. h4 Qa5 19. Kb2 Rc8 20. Rd3 Qb5+ 21.
Ka1 Qa4 22. Rb1 b5 23. Rb4 Qa3 24. Kb1 Rxc3 25. Rb3 Rxb3+ 26. axb3 Qb4 27. Nd5
Nxd5 28. Rxd5 Bxh4 29. Kb2 Be7 30. c3 Qa5 31. Qxh5 Qb6 32. Qe2 b4 33. cxb4 Qxb4
34. Qc4 Qe1 35. Qc2 Qb4 36. Rd1 Bg5 37. Qc8+ Kh7 38. Qc4 Qb7 39. Rd3 Qa7 40.
Rxd6 Be3 41. Rxa6 Bd4+ 42. Ka3 Qe7+ 43. b4 Qg5 44. Qe2 1-0

[Event "Groningen Open A"]
[Site "Groningen NED"]
[Date "2012.12.27"]
[Round "6.6"]
[White "Barua, Dibyendu"]
[Black "Michalik, Peter"]
[Result "0-1"]
[WhiteTitle "GM"]
[BlackTitle "GM"]
[WhiteElo "2410"]
[BlackElo "2508"]
[WhiteFideId "5000025"]
[BlackFideId "14907526"]
[EventDate "2012.12.21"]

1. e4 c6 2. d4 d5 3. exd5 cxd5 4. c4 Nf6 5. Nc3 Nc6 6. Bg5 dxc4 7. Bxc4 h6 8.
Bxf6 exf6 9. d5 Ne5 10. Qe2 Be7 11. Bb5+ Kf8 12. f4 Ng6 13. Qe4 f5 14. Qe3 a6
15. Bd3 Qc7 16. Nge2 Bd7 17. O-O-O Re8 18. Kb1 Bd6 19. Qh3 Ne7 20. Qf3 g6 21. g3
b5 22. Nd4 Kg7 23. Bc2 Rc8 24. Rc1 Qa5 25. Bb3 Qb6 26. Qd3 Rhd8 27. Nf3 b4 28.
Na4 Qa7 29. Rhd1 Rxc1+ 30. Rxc1 Bb5 31. Qd2 Bxa4 32. Bxa4 Bc5 33. Qc2 Be3 34.
Qc7 Rc8 35. Qxc8 Nxc8 36. Rxc8 Qe7 37. Ne5 g5 38. Bb3 gxf4 0-1

[Event "Groningen Open A"]
[Site "Groningen NED"]
[Date "2012.12.27"]
[Round "6.7"]
[White "Deviatkin, Andrei"]
[Black "Wallace, John Paul"]
[Result "1-0"]
[WhiteTitle "GM"]
[BlackTitle "IM"]
[WhiteElo "2569"]
[BlackElo "2398"]
[WhiteFideId "4121260"]
[BlackFideId "3200957"]
[EventDate "2012.12.21"]

1. e4 c6 2. Nc3 d5 3. Qe2 d4 4. Nd1 e5 5. d3 Bd6 6. g3 Qc7 7. Bg2 Ne7 8. Nf3 Bg4
9. h3 Bh5 10. O-O c5 11. b3 Nd7 12. Nb2 Nc6 13. g4 Bg6 14. Nh4 Nf8 15. f4 exf4
16. Nc4 Ne6 17. e5 Nxe5 18. Nxd6+ Qxd6 19. Nf5 Qc7 20. Bxb7 Rd8 21. Be4 O-O 22.
Qh2 f6 23. Bxf4 Nxf4 24. Rxf4 Bf7 25. Raf1 Ng6 26. R4f2 Qxh2+ 27. Kxh2 Be6 28.
Kg3 Rfe8 29. h4 Bd5 30. Bxd5+ Rxd5 31. h5 Nf8 32. Kh2 h6 33. Ng3 Nd7 34. Ne4
Ree5 35. a4 Kf8 36. Kh3 Ke7 37. Rf3 Ke6 38. Ng3 Nf8 39. Nf5 Nh7 40. Kg2 Rd7 41.
a5 Ng5 42. R3f2 Kd5 43. Rb1 Rb7 44. a6 Rc7 45. b4 cxb4 46. Rxb4 Ne6 47. Rb7 Kc6
48. Rb4 Kc5 49. Rb8 Kc6 50. Kg3 Ra5 51. Re8 Kd5 52. Ne3+ Kd6 53. Nf5+ Kd5 54.
Nxh6 Rxa6 55. Nf5 Ra1 56. Re2 Ra6 57. Re4 Rd7 58. Rc8 Rb6 59. Nxd4 Nxd4 60. c4+
Kd6 61. Rxd4+ Ke7 62. Rxd7+ Kxd7 63. Rg8 Rb3 64. Rxg7+ Ke6 65. Rxa7 Rxd3+ 66.
Kh4 Rd1 67. Ra6+ Ke5 68. Ra5+ Ke6 69. Rf5 Rc1 70. Rc5 Rh1+ 71. Kg3 Rg1+ 72. Kf3
Rh1 73. Rd5 Rf1+ 74. Kg3 Rg1+ 75. Kf4 Rc1 76. Rd4 Rf1+ 77. Ke3 Re1+ 78. Kd2 Rg1
79. Kc3 Ke5 80. Rd5+ Kf4 81. Rf5+ Kxg4 82. Rxf6 Kxh5 83. Kd4 Rg8 84. c5 Kg5 85.
Rf1 1-0

[Event "Groningen Open A"]
[Site "Groningen NED"]
[Date "2012.12.27"]
[Round "6.13"]
[White "Das, Arghyadip"]
[Black "Ben Artzi, Ido"]
[Result "1-0"]
[WhiteTitle "IM"]
[WhiteElo "2476"]
[BlackElo "2297"]
[WhiteFideId "5003610"]
[BlackFideId "2810913"]
[EventDate "2012.12.21"]

1. e4 e5 2. Nf3 Nc6 3. Bc4 Bc5 4. c3 Nf6 5. d3 a6 6. Bb3 Ba7 7. Nbd2 d6 8. h3 h6
9. Nh2 d5 10. Qf3 Be6 11. Ng4 Nxg4 12. hxg4 dxe4 13. dxe4 Rf8 14. Qe2 Qd7 15.
Bxe6 Qxe6 16. b3 Bc5 17. Bb2 O-O-O 18. O-O-O Rd7 19. Nf1 Rfd8 20. Rxd7 Rxd7 21.
Kc2 Ne7 22. Bc1 Qc6 23. f3 Ng6 24. g3 Nf8 25. Nd2 b5 26. Bb2 Ne6 27. Kb1 Qd6 28.
Kc2 Ba3 29. Bxa3 Qxa3 30. Kb1 Nc5 31. Rd1 Rd3 32. Rc1 a5 33. Rc2 b4 34. Nc4 1-0

[Event "Groningen Open A"]
[Site "Groningen NED"]
[Date "2012.12.27"]
[Round "6.16"]
[White "Mamedjarova, Turkan"]
[Black "Drozdowski, Kacper"]
[Result "1/2-1/2"]
[WhiteTitle "WGM"]
[BlackTitle "FM"]
[WhiteElo "2277"]
[BlackElo "2426"]
[WhiteFideId "13402005"]
[BlackFideId "1136720"]
[EventDate "2012.12.21"]

1. e4 d6 2. d4 Nf6 3. Bd3 e5 4. Nf3 Bg4 5. dxe5 dxe5 6. h3 Bxf3 7. Qxf3 Nbd7 8.
c3 Be7 9. Nd2 O-O 10. O-O c6 11. Nc4 Qc7 12. Bg5 Nc5 13. Bc2 Ne6 14. Bh4 Nf4 15.
Bg5 Ng6 16. Rfd1 Rad8 17. Ne3 Nd7 18. Bxe7 Nxe7 19. Rd2 Nc5 20. Rad1 a5 21. Rxd8
Rxd8 22. Nc4 Rxd1+ 23. Qxd1 Ne6 24. Qd6 Qxd6 25. Nxd6 b5 26. a4 bxa4 27. Nb7 Nc8
28. Bxa4 Nb6 29. b3 c5 30. Nxa5 c4 31. Nxc4 Nxc4 32. bxc4 Kf8 33. Bc6 Ke7 34.
Bd5 Nc5 35. g3 f6 36. f3 g6 37. Kf2 Na4 38. h4 Kd6 39. f4 Nxc3 40. Kf3 Kc5 41.
fxe5 1/2-1/2

[Event "Groningen Open A"]
[Site "Groningen NED"]
[Date "2012.12.27"]
[Round "6.17"]
[White "Donchenko, Alexander"]
[Black "Maris, Ivo"]
[Result "1-0"]
[WhiteTitle "IM"]
[WhiteElo "2401"]
[BlackElo "2086"]
[WhiteFideId "24603295"]
[BlackFideId "1028146"]
[EventDate "2012.12.21"]

1. c4 Nf6 2. g3 g6 3. Bg2 d5 4. cxd5 Nxd5 5. Nc3 Nb6 6. d3 Bg7 7. Be3 Nc6 8. Rc1
O-O 9. Qd2 Re8 10. Bh6 Bh8 11. h4 Ne5 12. h5 Bf5 13. hxg6 fxg6 14. Bxb7 Bxd3 15.
exd3 Nxd3+ 16. Kf1 Nc4 17. Qe2 Nce5 18. Rd1 Rb8 19. Be4 Rxb2 20. Qxb2 Nxb2 21.
Rxd8 Rxd8 22. Bd5+ Nf7 23. Nge2 Nd1 24. Bxf7+ Kxf7 25. Ne4 Ke6 26. Kg2 Kf5 27.
f3 Nb2 28. Rc1 Be5 29. Rc6 Bd6 30. Nd4+ Ke5 31. Bg7+ Kd5 32. Nc3# 1-0

[Event "Groningen Open A"]
[Site "Groningen NED"]
[Date "2012.12.27"]
[Round "6.21"]
[White "Van Assendelft, Floris"]
[Black "Afek, Yochanan"]
[Result "0-1"]
[WhiteTitle "IM"]
[BlackTitle "IM"]
[WhiteElo "2403"]
[BlackElo "2311"]
[WhiteFideId "1010271"]
[BlackFideId "2800462"]
[EventDate "2012.12.21"]

1. e4 c5 2. Nc3 g6 3. Nf3 Bg7 4. d4 cxd4 5. Nxd4 Nc6 6. Be3 Nf6 7. Bc4 d6 8. f3
Qb6 9. Ncb5 Qa5+ 10. Bd2 Qb6 11. Bc3 a6 12. Na3 Nxe4 13. fxe4 Bxd4 14. Qf3 Ne5
15. Qg3 O-O 16. Bb3 Bd7 17. Bd2 Bxb2 18. Rb1 Qd4 0-1

[Event "Groningen Open A"]
[Site "Groningen NED"]
[Date "2012.12.27"]
[Round "6.23"]
[White "Pel, Bonno"]
[Black "Estremera Panos, Sergio"]
[Result "1-0"]
[WhiteTitle "FM"]
[BlackTitle "IM"]
[WhiteElo "2288"]
[BlackElo "2367"]
[WhiteFideId "1004760"]
[BlackFideId "2200864"]
[EventDate "2012.12.21"]

1. g3 e5 2. Bg2 d5 3. d3 Nf6 4. Nf3 Nc6 5. O-O Be7 6. a3 a5 7. b3 Be6 8. Bb2 Nd7
9. e3 O-O 10. Nbd2 f6 11. Qe2 Qe8 12. c4 dxc4 13. bxc4 Qh5 14. d4 Bg4 15. c5 Kh8
16. Qb5 e4 17. Ne1 Be2 18. Qxb7 Bxf1 19. Bxf1 Rab8 20. Qxc6 Rxb2 21. Nc4 Rxf2
22. Kxf2 Ne5 23. Qxe4 Qxh2+ 24. Ng2 1-0

[Event "Groningen Open A"]
[Site "Groningen NED"]
[Date "2012.12.27"]
[Round "6.25"]
[White "Mammadova, Gulnar"]
[Black "De Ruiter, Danny"]
[Result "1-0"]
[WhiteTitle "WGM"]
[WhiteElo "2363"]
[BlackElo "2226"]
[WhiteFideId "13403508"]
[BlackFideId "1020650"]
[EventDate "2012.12.21"]

1. e4 c5 2. Nf3 e6 3. b3 a6 4. Bb2 Nc6 5. c4 Qc7 6. Nc3 b6 7. g3 Bb7 8. Bg2 Nf6
9. O-O Be7 10. d4 cxd4 11. Nxd4 Bc5 12. Nc2 h5 13. Na4 Be7 14. Qe2 h4 15. e5 Nh5
16. Qe3 b5 17. cxb5 axb5 18. Nc3 hxg3 19. hxg3 Ra5 20. Rfe1 Nxe5 21. Qxe5 Bd6
22. Nxb5 Rxb5 23. Qxb5 Bxg2 24. Kxg2 Bxg3 25. Qc4 Nf4+ 26. Kf3 Qb7+ 27. Qe4 d5
28. Qa4+ Kd8 29. fxg3 d4+ 30. Re4 1-0

[Event "Groningen Open A"]
[Site "Groningen NED"]
[Date "2012.12.27"]
[Round "6.28"]
[White "Von Meijenfeldt, Bart"]
[Black "De Jong, Migchiel"]
[Result "0-1"]
[BlackTitle "IM"]
[WhiteElo "2155"]
[BlackElo "2372"]
[WhiteFideId "1032259"]
[BlackFideId "1002848"]
[EventDate "2012.12.21"]

1. b3 e5 2. Bb2 Nc6 3. e3 Nf6 4. Bb5 Bd6 5. Nh3 O-O 6. O-O a6 7. Be2 Re8 8. Kh1
Bf8 9. f4 d5 10. Ng5 e4 11. g4 h6 12. Nxf7 Kxf7 13. g5 Be7 14. Bh5+ Nxh5 15.
Qxh5+ g6 16. Qxh6 Bf5 17. c4 d4 18. Qh7+ Ke6 19. exd4 Nxd4 20. Nc3 Nf3 21. Nd5
c6 22. Ne3 Rh8 23. Bxh8 Qxh8 24. Qxh8 Rxh8 25. Rf2 Bd6 26. Nxf5 Kxf5 27. d3 Kxf4
28. dxe4 Ke3 29. Rc2 Bxh2 30. Kg2 Be5 31. Rh1 Nh4+ 32. Kf1 Rf8+ 33. Ke1 Nf3+ 34.
Kd1 Nxg5 35. Re1+ Kd4 36. Rd2+ Kc5 37. Rg2 Nf3 38. Rf1 g5 39. a3 Rf4 40. Kc1 a5
41. Rd1 Rxe4 0-1

[Event "Groningen Open A"]
[Site "Groningen NED"]
[Date "2012.12.27"]
[Round "6.29"]
[White "Calzetta Ruiz, Monica"]
[Black "Ypma, Peter"]
[Result "0-1"]
[WhiteTitle "WGM"]
[WhiteElo "2286"]
[BlackElo "2157"]
[WhiteFideId "2204185"]
[BlackFideId "1027255"]
[EventDate "2012.12.21"]

1. e4 e5 2. Nf3 Nc6 3. Bb5 Nge7 4. c3 d5 5. Nxe5 dxe4 6. O-O Qd5 7. Nxc6 Qxb5 8.
Nd4 Qd3 9. Re1 c5 10. Re3 Qa6 11. Nb3 Qc6 12. d4 c4 13. N3d2 f5 14. a4 Nd5 15.
Re1 Bd6 16. Qh5+ Kf8 17. Qe2 Be6 18. Qxc4 Qe8 19. Qb5 Qg6 20. Nf1 f4 21. Kh1 Nf6
22. Nbd2 Bd5 23. c4 Bc6 24. Qb3 e3 25. d5 exd2 26. Bxd2 Bd7 27. Qxb7 Kf7 28. Re6
Rhb8 29. Rxf6+ Qxf6 30. Qxd7+ Kg8 31. Bc3 Be5 32. Re1 Bxc3 33. bxc3 h6 34. d6
Rd8 35. Qe6+ Qxe6 36. Rxe6 Re8 37. Rxe8+ Rxe8 38. c5 Re1 39. Kg1 Kf7 40. f3 Rc1
41. g3 fxg3 42. hxg3 Rxc3 43. Nd2 Rxc5 44. Ne4 Ra5 0-1

[Event "Groningen Open A"]
[Site "Groningen NED"]
[Date "2012.12.27"]
[Round "6.31"]
[White "Kuling, Lody"]
[Black "Theulings, Paul-Peter"]
[Result "1/2-1/2"]
[BlackTitle "CM"]
[WhiteElo "2246"]
[BlackElo "2105"]
[WhiteFideId "1019686"]
[BlackFideId "1002899"]
[EventDate "2012.12.21"]

1. g3 Nf6 2. f4 c5 3. Nf3 d5 4. d3 b5 5. Bg2 Bb7 6. c3 g6 7. O-O Bg7 8. Qe1 Qb6
9. Na3 b4 10. Nc2 a5 11. Kh1 O-O 12. Bd2 Na6 13. Ne5 Rad8 14. Qf2 Nd7 15. Nxd7
Rxd7 16. Rab1 e6 17. Ne3 Qd6 18. Rfe1 Nc7 19. Ng4 Nb5 20. Ne5 Rc7 21. Rec1 f6
22. Ng4 e5 23. f5 g5 24. Ne3 Na7 25. c4 d4 26. Nd5 Rd7 27. Be4 Nc6 28. Qf3 Rb8
29. h4 h6 30. hxg5 hxg5 31. Kg2 Ne7 32. Nxe7+ Rxe7 33. Rh1 Bxe4 34. Qxe4 Rc8 35.
Kf3 Qc6 36. a3 Qxe4+ 37. Kxe4 Ra7 38. Ra1 Rca8 39. axb4 axb4 40. Rxa7 Rxa7 41.
Kd5 Bf8 42. g4 Ra2 43. Rb1 Ra7 44. Rh1 Ra2 45. Rb1 Ra7 46. Rh1 Ra2 1/2-1/2

[Event "Groningen Open A"]
[Site "Groningen NED"]
[Date "2012.12.27"]
[Round "6.33"]
[White "Kerigan, Demre"]
[Black "Dhar-Barua, Saheli"]
[Result "1-0"]
[BlackTitle "WIM"]
[WhiteElo "2233"]
[BlackElo "2091"]
[WhiteFideId "6307841"]
[BlackFideId "5001331"]
[EventDate "2012.12.21"]

1. e4 e6 2. d4 d5 3. Nc3 Bb4 4. Ne2 dxe4 5. a3 Be7 6. Nxe4 Nf6 7. Qd3 Nbd7 8.
Bf4 Nxe4 9. Qxe4 c5 10. O-O-O Qb6 11. Nc3 Nf6 12. Qe5 Bd7 13. d5 exd5 14. Nxd5
Nxd5 15. Rxd5 Qe6 16. Bc4 O-O 17. Rxc5 Qg4 18. Qxe7 Qxf4+ 19. Qe3 Qf6 20. Rd1
Bc6 21. f3 Rae8 22. Qg5 Qxg5+ 23. Rxg5 g6 24. Rc5 Kg7 25. b4 Rc8 26. Rd4 b6 27.
Re5 Rc7 28. b5 Bb7 29. Kb2 Rfc8 30. Kb3 Kf6 31. Re3 Kg7 32. Kb4 Ba8 33. Bb3 Bb7
34. a4 Ba8 35. Red3 Re8 36. Rd7 Re7 37. Rxc7 Rxc7 38. c4 h5 39. a5 bxa5+ 40.
Kxa5 Bb7 41. Rc3 Kf6 42. c5 Ke5 43. c6 Ba8 44. Rd3 f5 45. g3 Rc8 46. Rd7 Bxc6
47. bxc6 Rxc6 48. f4+ 1-0

[Event "Groningen Open A"]
[Site "Groningen NED"]
[Date "2012.12.27"]
[Round "6.36"]
[White "Beerdsen, Thomas"]
[Black "Vogel, Jaap"]
[Result "0-1"]
[BlackTitle "FM"]
[WhiteElo "2076"]
[BlackElo "2166"]
[WhiteFideId "1030108"]
[BlackFideId "1000764"]
[EventDate "2012.12.21"]

1. e4 e6 2. d4 d5 3. Nc3 Bb4 4. e5 c5 5. a3 Bxc3+ 6. bxc3 Qc7 7. Qg4 f5 8. Qg3
cxd4 9. cxd4 Ne7 10. Bd2 O-O 11. Bd3 Nbc6 12. Ne2 Bd7 13. h4 Rf7 14. O-O Raf8
15. Qh3 f4 16. f3 b5 17. Bxb5 Nf5 18. Bxc6 Qxc6 19. c3 Qc4 20. Rfe1 Rb8 21. Nxf4
Rb2 22. Rad1 Qa2 23. Bc1 Rc2 24. Nd3 Rxc3 25. Be3 Qc4 26. g4 Nxe3 27. Rxe3 Qxd4
28. Kf2 Rc2+ 0-1

[Event "Groningen Open A"]
[Site "Groningen NED"]
[Date "2012.12.27"]
[Round "6.39"]
[White "Brookes, Christopher"]
[Black "Senders, Mischa"]
[Result "0-1"]
[WhiteElo "2163"]
[BlackElo "1967"]
[WhiteFideId "4669355"]
[BlackFideId "1038370"]
[EventDate "2012.12.21"]

1. e4 c5 2. Nf3 d6 3. Nc3 Nf6 4. d4 cxd4 5. Nxd4 a6 6. Bc4 Nbd7 7. Bb3 Nc5 8.
O-O e6 9. Qf3 Be7 10. Bg5 O-O 11. Rad1 Qc7 12. Rfe1 b5 13. Nf5 exf5 14. Bxf6
Bxf6 15. Nd5 Qd8 16. Nxf6+ Qxf6 17. e5 Qg6 18. exd6 Bb7 19. Bd5 Bxd5 20. Qxd5
Ne6 21. a4 Rab8 22. Qc6 f4 23. d7 Rfd8 24. Rd6 Qf5 25. Qxa6 f3 26. Qc6 bxa4 27.
c4 h6 28. Qxf3 Qxf3 29. gxf3 Kf8 30. f4 g6 31. f5 gxf5 32. Re5 Rb7 33. Ra6 Rxb2
34. Rxa4 Ke7 35. Ra7 Rxd7 36. Rxd7+ Kxd7 37. Rxf5 Ke7 38. h3 Rc2 39. Rh5 Rxc4
40. Rxh6 Rf4 41. Kg2 Ng5 42. Ra6 Ne6 43. Kg3 Rc4 0-1

[Event "Groningen Open A"]
[Site "Groningen NED"]
[Date "2012.12.27"]
[Round "6.40"]
[White "Knol, Geon"]
[Black "IJzermans, Gijs"]
[Result "0-1"]
[WhiteElo "2160"]
[BlackElo "1966"]
[WhiteFideId "1012142"]
[BlackFideId "1031570"]
[EventDate "2012.12.21"]

1. e4 c5 2. Nc3 d6 3. g3 Nc6 4. Bg2 g6 5. d3 Bg7 6. Be3 e6 7. Qd2 Rb8 8. f4 Nge7
9. Nf3 b6 10. O-O O-O 11. Rae1 Ba6 12. g4 d5 13. Bf2 Nd4 14. Bh4 dxe4 15. Nxe4
Nxf3+ 16. Rxf3 Bc8 17. Kh1 f6 18. g5 Nf5 19. gxf6 Nxh4 20. fxg7 Kxg7 21. Rh3
Nxg2 22. f5 Nxe1 23. Qh6+ Kf7 24. Qxh7+ Ke8 25. Qxg6+ Kd7 26. Qxe6+ Kc7 27. Rh7+
Bd7 28. Qe5+ Kb7 29. Qd5+ Kc7 30. b4 Rh8 31. Qe5+ Kb7 32. Qd5+ Kc7 33. Qe5+ Kb7
34. Nd6+ Ka6 35. Rxd7 Rxh2+ 36. Qxh2 Qxd7 37. b5+ Ka5 38. Qd2+ Ka4 39. Qf4+ Ka3
40. Nc4+ Kxa2 0-1

[Event "Groningen Open A"]
[Site "Groningen NED"]
[Date "2012.12.27"]
[Round "6.43"]
[White "Richters, Marc"]
[Black "Ratsma, Midas"]
[Result "1-0"]
[WhiteElo "2075"]
[BlackElo "2031"]
[WhiteFideId "24612332"]
[BlackFideId "1032283"]
[EventDate "2012.12.21"]

1. e4 e6 2. d4 d5 3. e5 c5 4. c3 Nc6 5. Nf3 Qb6 6. Bd3 Bd7 7. dxc5 Bxc5 8. O-O
a5 9. Qe2 f6 10. c4 Nb4 11. Nc3 O-O-O 12. Bb1 Ne7 13. a3 Na6 14. cxd5 exd5 15.
exf6 gxf6 16. b4 Bd6 17. Be3 Qc7 18. Rc1 Kb8 19. Nb5 Bxb5 20. Qxb5 Qd7 21. Qb6
Bc7 22. Qa7+ Kc8 23. b5 Qxb5 24. Nd4 Qd7 25. Bd3 Qd6 26. Bxa6 bxa6 27. Ne6 Nc6
28. Qxa6+ Kd7 29. Rxc6 Qxc6 30. Nc5+ Kd6 31. Bf4+ Kxc5 32. Rc1+ Kd4 33. Be3+ 1-0